header

A guide to chalogen-nitrogen chemistry (Record no. 205739)

MARC details
000 -LEADER
fixed length control field 01241nam a2200325Ia 4500
082 04 - DEWEY DECIMAL CLASSIFICATION NUMBER
Classification number 546.72
100 1# - MAIN ENTRY--AUTHOR NAME
Personal name Chivers, T.
245 12 - TITLE STATEMENT
Title A guide to chalogen-nitrogen chemistry
260 ## - PUBLICATION, DISTRIBUTION, ETC. (IMPRINT)
Place of publication Hackensack, NJ :
Name of publisher World Scientific,
Year of publication c2005.
300 ## - PHYSICAL DESCRIPTION
Number of Pages xix, 318 p.
650 #0 - SUBJECT ADDED ENTRY--TOPICAL TERM
Topical Term Chalcogenides
Topical Term Inorganic compounds
Topical Term Chalcogenides
Topical Term Inorganic cyclic compounds.
856 40 - ELECTRONIC LOCATION AND ACCESS
Uniform Resource Identifier http://site.ebrary.com/lib/rucke/Doc?id=10104111

No items available.

© 2026 Rongo University
Contact us: librarian | system librarian | Rongo university